| 000 | 00695nam a2200193 a 4500 | ||
|---|---|---|---|
| 003 | 0 | ||
| 005 | 20250305150445.0 | ||
| 008 | 101013s19uu xx 00 eng d | ||
| 050 |
_aPHS HQ 769 _b.R24 2010 |
||
| 100 | _aRecaña, Andre Gil. | ||
| 245 |
_aParent absenteeism and sense of responsibility / _cAndre Gil Recaña. |
||
| 260 |
_aLas Piñas City, Philippines : _bSouthville International School and Colleges, _c2010. |
||
| 300 |
_a28 pages : _billustrations ; _c29 cm. |
||
| 504 | _aIncludes bibliographical references. | ||
| 650 |
_aParent Absenteeism _xSelf-discipline. |
||
| 650 |
_aWorking parents _xPsychological aspects. |
||
| 650 | _aResponsibility in children. | ||
| 942 |
_2lcc _cPASS |
||
| 999 |
_c98445 _d98445 |
||